Historia de la literatura infantil española
Saved in:
| Main Author: | |
|---|---|
| Format: | Book |
| Language: | Spanish |
| Published: |
Madrid
Revista de Occidente
1959
|
| Subjects: | |
| Tags: |
Add Tag
No Tags, Be the first to tag this record!
|
MARC
| LEADER | 00000nam a2200000 a 4500 | ||
|---|---|---|---|
| 001 | UCZ1121 | ||
| 003 | CL-VaPUC | ||
| 008 | 950811e19590000SP |||||||||||||||||spa|d | ||
| 082 | 0 | 4 | |a 808.068 |b BRA |2 21 |
| 100 | 0 | |a Bravo-Villasante, Carmen |e author |9 344535 | |
| 245 | 1 | 0 | |a Historia de la literatura infantil española |
| 300 | |a 270 p | ||
| 942 | |c BK | ||
| 945 | |d 19950811 00:00:00 |a cmena | ||
| 260 | |a Madrid |b Revista de Occidente |c 1959 | ||
| 650 | 0 | |a Literatura infantil |9 307465 | |
| 650 | 0 | |a Historia |9 255047 | |
| 650 | 0 | |a Niños |9 255605 | |
| 650 | 7 | |a FOLKLORE |2 CL-VaPUC |9 268291 | |
| 650 | 0 | |a Cuentos infantiles |9 308044 | |
| 583 | |a last modification |c 19950811 00:00:00 |k Rodrigo Vera | ||
| 999 | |c 237931 |d 237929 | ||
| 952 | |0 0 |1 0 |4 0 |6 808_068000000000000_BRA_1959 |7 0 |8 P |9 247749 |a BIBEDU |b BIBEDU |c BIBEDU_PB |d 2019-11-18 |i 1556266 |o 808.068 BRA 1959 |p 1556266 |r 2024-01-25 |w 2019-11-18 |y BK |k EDU | ||